ბათუმის შოთა რუსთაველის სახელმწიფო უნივერსიტეტის ბიბლიოთეკა

ბავშვი დედამიწის ყვავილია (ბიბ.ჩანაწერი № 42550)

000 -LEADER
fixed length control field 00770nam a2200229Ia 4500
001 - CONTROL NUMBER
control field 9248
003 - CONTROL NUMBER IDENTIFIER
control field GE_BSU
008 - FIXED-LENGTH DATA ELEMENTS--GENERAL INFORMATION
fixed length control field 181216s||||||||xx |||||||||||||| ||und||
040 ## - CATALOGING SOURCE
Transcribing agency GE_BSU
080 ## - UNIVERSAL DECIMAL CLASSIFICATION NUMBER
Universal Decimal Classification number 82-93
100 ## - MAIN ENTRY--PERSONAL NAME
Personal name ლორია,რევაზ
245 ## - TITLE STATEMENT
Title ბავშვი დედამიწის ყვავილია
245 ## - TITLE STATEMENT
Remainder of title ლექსები.
245 ## - TITLE STATEMENT
Statement of responsibility, etc. რედ:ავთანდილ ჩხაიძე
260 ## - PUBLICATION, DISTRIBUTION, ETC.
Place of publication, distribution, etc. თბილისი.
260 ## - PUBLICATION, DISTRIBUTION, ETC.
Name of publisher, distributor, etc. გამ-ბა ”კიდევაც დაიზრდებიან”
260 ## - PUBLICATION, DISTRIBUTION, ETC.
Date of publication, distribution, etc. 1991
300 ## - PHYSICAL DESCRIPTION
Extent 80გვ;17სმ.
653 ## - INDEX TERM--UNCONTROLLED
Uncontrolled term ბავშვი დედამიწის ყვავილია
653 ## - INDEX TERM--UNCONTROLLED
Uncontrolled term ლექსები.
942 ## - ADDED ENTRY ELEMENTS (KOHA)
Koha item type წიგნი
ეგზემპლარები
Withdrawn status Lost status Damaged status Not for loan Date acquired Barcode Date last seen Price effective from Koha item type
        2018-12-17 31932 2018-12-17 2018-12-17 წიგნი
        2018-12-17 31933 2018-12-17 2018-12-17 წიგნი
        2018-12-17 31934 2018-12-17 2018-12-17 წიგნი
        2018-12-17 31935 2018-12-17 2018-12-17 წიგნი
        2018-12-17 31936 2018-12-17 2018-12-17 წიგნი
        2018-12-17 31937 2018-12-17 2018-12-17 წიგნი
        2018-12-17 31938 2018-12-17 2018-12-17 წიგნი
        2018-12-17 31939 2018-12-17 2018-12-17 წიგნი
        2018-12-17 31940 2018-12-17 2018-12-17 წიგნი